[Event "DVM U12 2015"]
[Site "Magdeburg GER"]
[Date "2015.12.29"]
[Round "5"]
[White "Kühne, Maria"]
[Black "Wu, Luka"]
[Result "1/2-1/2"]
[Termination "normal"]
[Board "4.2"]
[WhiteElo "1603"]
[BlackElo "1710"]
[WhiteTeam "FC Ergolding 1932"]
[BlackTeam "SK Mannheim-Lindenhof 1865"]
[PlyCount "153"]
[WhiteFideId "12997412"]
[BlackFideId "12977420"]
[EventCountry "GER"]
[EventRounds "7"]
[EventType "team-swiss"]
[EventDate "2015.12.26"]

1. e4 e5 2. Bc4 Nf6 3. d3 Nc6 4. Nc3 Na5 5. Bb3 Nxb3 6. axb3 Bc5 7. Bg5 d6 8.
Nge2 Bxf2+ 9. Kd2 h6 10. Bxf6 Qxf6 11. Kc1 Be3+ 12. Kb1 c6 13. Rf1 Qd8 14. Ng3
b5 15. Qf3 Bf4 16. Nh5 Qg5 17. Nxf4 Qxf4 18. Qxf4 exf4 19. Rxf4 Be6 20. Kc1 O-O
21. Kd2 b4 22. Ne2 c5 23. Ra6 Rfd8 24. Rf1 Bc8 25. Ra5 a6 26. Nf4 Bb7 27. g3
Rd7 28. Re1 f6 29. c3 Rc7 30. Rc1 Rac8 31. Re1 Kf7 32. c4 Re8 33. Rea1 Rce7 34.
Nd5 Bxd5 35. cxd5 Ra7 36. Ke3 Ke7 37. Rc1 Rc8 38. Kf4 g5+ 39. Kf3 Kd7 40. Rca1
Rca8 41. Ke3 h5 42. d4 cxd4+ 43. Kxd4 Rc7 44. Kd3 Rac8 45. Rxa6 Rc2 46. Ra7+
Ke8 47. Ra8 Kd8 48. Rxc8+ Rxc8 49. Ra6 Ke7 50. Ra7+ Ke8 51. Kd2 Rc5 52. Ra4 Rb5
53. Kd3 Rc5 54. Rxb4 Rc1 55. Rc4 Rf1 56. Rc2 Rf3+ 57. Kc4 Re3 58. Kd4 Rxb3 59.
Re2 Rb8 60. Kc4 Rc8+ 61. Kb5 Rb8+ 62. Kc6 Ke7 63. Kc7 Rb4 64. Kc6 Rb8 65. h4
Rb4 66. hxg5 fxg5 67. e5 Rc4+ 68. Kb5 Rc5+ 69. Kb4 Rxd5 70. exd6+ Kxd6 71. Kc3
Rc5+ 72. Kb3 h4 73. gxh4 gxh4 74. Rh2 Rh5 75. Kc4 h3 76. b4 Kc6 77. Kd4 1/2-1/2

[Event "DVM U12 2015"]
[Site "Magdeburg GER"]
[Date "2015.12.29"]
[Round "5"]
[White "Hardt, Anton"]
[Black "Sowka, Patrick"]
[Result "1/2-1/2"]
[Termination "normal"]
[Board "4.3"]
[WhiteElo "1270"]
[BlackElo "1418"]
[WhiteTeam "SK Mannheim-Lindenhof 1865"]
[BlackTeam "FC Ergolding 1932"]
[PlyCount "113"]
[WhiteFideId "16239466"]
[BlackFideId "16234944"]
[EventCountry "GER"]
[EventRounds "7"]
[EventType "team-swiss"]
[EventDate "2015.12.26"]

1. c4 e5 2. Nc3 Nf6 3. g3 Bc5 4. Bg2 Nc6 5. e3 d6 6. Nge2 Be6 7. O-O Bxc4 8. a3
Be6 9. d4 exd4 10. exd4 Bb6 11. d5 Bd7 12. dxc6 Bxc6 13. Re1 O-O 14. Nd4 Bxg2
15. Kxg2 Qd7 16. Be3 Ba5 17. b4 Bb6 18. Qd2 Rfd8 19. Rad1 Rac8 20. Nc2 Bxe3 21.
Qxe3 Re8 22. Qd3 Rxe1 23. Rxe1 h6 24. Ne4 Ng4 25. Nd4 Ne5 26. Qe2 Re8 27. Nd2
Re7 28. N4f3 Ng6 29. Qd1 Rxe1 30. Qxe1 Kf8 31. Qe3 b6 32. Qc3 c5 33. bxc5 dxc5
34. Ne4 Qd5 35. Ned2 f6 36. Qc4 Qxc4 37. Nxc4 Ke7 38. Nfd2 b5 39. Na5 Kd6 40.
Kf3 c4 41. Ke4 Kc7 42. Kd5 c3 43. Ndb3 Ne5 44. f4 Nf3 45. Nc6 Nd2 46. Nc1 c2
47. Nxa7 Kb6 48. Nc6 Nc4 49. a4 Ne3+ 50. Kd4 Nf1 51. Nb4 bxa4 52. Nxc2 Nxh2 53.
Nd3 Nf1 54. g4 Kc6 55. Ncb4+ Kd6 56. Nb2 Nh2 57. Nc4+ 1/2-1/2

[Event "DVM U12 2015"]
[Site "Magdeburg GER"]
[Date "2015.12.29"]
[Round "5"]
[White "Handschuh, Felix"]
[Black "Gündel, Marius"]
[Result "0-1"]
[Termination "normal"]
[Board "4.4"]
[WhiteElo "1148"]
[BlackElo "1146"]
[WhiteTeam "FC Ergolding 1932"]
[BlackTeam "SK Mannheim-Lindenhof 1865"]
[PlyCount "98"]
[WhiteFideId "12997447"]
[EventCountry "GER"]
[EventRounds "7"]
[EventType "team-swiss"]
[EventDate "2015.12.26"]

1. e4 c5 2. Nf3 d6 3. Bb5+ Bd7 4. Bxd7+ Qxd7 5. O-O g6 6. e5 Nc6 7. Re1 Bg7 8.
exd6 Qxd6 9. Nc3 Nf6 10. Nb5 Qd7 11. Qe2 O-O 12. d3 a6 13. Nc3 Rad8 14. Ne5
Nxe5 15. Qxe5 Qc6 16. Qf4 e6 17. Qa4 Qxa4 18. Nxa4 Rc8 19. Be3 Nd7 20. Rab1 b5
21. Nc3 Rfd8 22. Ne4 c4 23. dxc4 Rxc4 24. Nd6 Rxc2 25. Bc1 Nc5 26. Rd1 Be5 27.
f4 Rxd6 28. Be3 Rxd1+ 29. Rxd1 Bxb2 30. g4 Rc3 31. Rd8+ Kg7 32. Bd4+ Kh6 33.
Bxc3 Bxc3 34. Rc8 a5 35. Rxc5 Bd4+ 36. Kf1 Bxc5 37. Ke2 f5 38. g5+ Kh5 39. Kf3
b4 40. Ke2 Kg4 41. Kd3 Kxf4 42. Kc4 Ke3 43. Kxc5 f4 44. Kb5 f3 45. Kxa5 f2 46.
Kxb4 f1=Q 47. a4 Kd4 48. a5 Qc4+ 49. Ka3 Qb5 0-1

[Event "DVM U12 2015"]
[Site "Magdeburg GER"]
[Date "2015.12.29"]
[Round "5"]
[White "Bosselmann, Tom Linus"]
[Black "Wagner, Leopold Franziskus"]
[Result "1/2-1/2"]
[Termination "normal"]
[Board "5.1"]
[WhiteElo "1789"]
[BlackElo "1897"]
[WhiteTeam "Lübecker SV von 1873"]
[BlackTeam "BSG Grün-Weiß Leipzig"]
[PlyCount "71"]
[WhiteFideId "12983845"]
[BlackFideId "1641581"]
[EventCountry "GER"]
[EventRounds "7"]
[EventType "team-swiss"]
[EventDate "2015.12.26"]

1. Nf3 Nf6 2. g3 e6 3. Bg2 d5 4. d4 Be7 5. O-O O-O 6. Nbd2 c5 7. c3 Nc6 8. e3
cxd4 9. exd4 b5 10. Ne5 Nxe5 11. dxe5 Nd7 12. Nf3 a5 13. Re1 b4 14. cxb4 Bxb4
15. Bd2 Qb6 16. Bxb4 axb4 17. Nd4 Ba6 18. Qd2 Rfc8 19. Nc2 Rab8 20. Kh1 Rc7 21.
f4 Nc5 22. Re3 b3 23. Nd4 bxa2 24. b3 Qb4 25. Rxa2 Qxd2 26. Rxd2 Bd3 27. h4 Be4
28. Bxe4 Nxe4 29. Rb2 g6 30. Kg2 Rb4 31. Nc2 Rb8 32. Nd4 Rcb7 33. Nc6 Rc8 34.
Nd4 Kg7 35. Kh3 h5 36. Kg2 1/2-1/2

[Event "DVM U12 2015"]
[Site "Magdeburg GER"]
[Date "2015.12.29"]
[Round "5"]
[White "Nguyen, Alex Dac-Vuong"]
[Black "Rietschel, Tilo"]
[Result "0-1"]
[Termination "normal"]
[Board "5.2"]
[WhiteElo "1873"]
[BlackElo "1692"]
[WhiteTeam "BSG Grün-Weiß Leipzig"]
[BlackTeam "Lübecker SV von 1873"]
[PlyCount "52"]
[WhiteFideId "12984388"]
[BlackFideId "16208390"]
[EventCountry "GER"]
[EventRounds "7"]
[EventType "team-swiss"]
[EventDate "2015.12.26"]

1. e4 c5 2. Nf3 d6 3. d4 cxd4 4. Nxd4 Nf6 5. Nc3 g6 6. Be3 Bg7 7. f3 O-O 8. Qd2
Nc6 9. O-O-O d5 10. exd5 Nxd5 11. Nxc6 bxc6 12. Bd4 Nxc3 13. Qxc3 Bh6+ 14. Be3
Bxe3+ 15. Qxe3 Qb6 16. Qxe7 Be6 17. Qa3 Rad8 18. Bd3 Rd5 19. b3 Rfd8 20. Rhe1
Qd4 21. Qa4 Qc5 22. Be2 Qe3+ 23. Kb2 Rd2 24. Qa5 R8d5 25. Qa6 Qe5+ 26. Kb1 Rxe2
0-1

[Event "DVM U12 2015"]
[Site "Magdeburg GER"]
[Date "2015.12.29"]
[Round "5"]
[White "Silini, Jalel"]
[Black "Haufe, Laurin"]
[Result "0-1"]
[Termination "normal"]
[Board "5.3"]
[WhiteElo "1187"]
[BlackElo "1575"]
[WhiteTeam "Lübecker SV von 1873"]
[BlackTeam "BSG Grün-Weiß Leipzig"]
[PlyCount "94"]
[WhiteFideId "16215397"]
[BlackFideId "12976504"]
[EventCountry "GER"]
[EventRounds "7"]
[EventType "team-swiss"]
[EventDate "2015.12.26"]

1. e4 c5 2. Nf3 d6 3. c3 Nc6 4. d4 cxd4 5. cxd4 e6 6. Nc3 Nf6 7. Bg5 Be7 8. Bd3
h6 9. Be3 Bd7 10. Bc2 a6 11. O-O Qc7 12. h3 g5 13. Re1 g4 14. hxg4 Nxg4 15. Bf4
e5 16. dxe5 dxe5 17. Bg3 Nf6 18. Nd5 Qb8 19. Nb6 Ra7 20. Bb3 Rh7 21. Rc1 Bg4
22. Qd3 Nh5 23. Bh4 Nf4 24. Qd2 Bb4 25. Qe3 Bxe1 26. Rxe1 Rg7 27. Rd1 Bxf3 28.
Qxf3 Nd4 29. Qe3 Rxg2+ 30. Kf1 Qd6 31. Ba4+ Kf8 32. Nd7+ Kg8 33. Nf6+ Kh8 34.
Ne8 Qg6 35. Ke1 Rg1+ 36. Kd2 Rxd1+ 37. Kxd1 Qg4+ 38. Kd2 Qxh4 39. Bd7 b5 40.
Bf5 Nxf5 41. Qxa7 Qd8+ 42. Ke1 Nd4 43. Kf1 Nf3 44. Nd6 Qxd6 45. Qb8+ Qxb8 46.
a4 Qc7 47. b4 Qc4# 0-1

[Event "DVM U12 2015"]
[Site "Magdeburg GER"]
[Date "2015.12.29"]
[Round "5"]
[White "Westphal, Simon"]
[Black "Maas, Kolja"]
[Result "1/2-1/2"]
[Termination "normal"]
[Board "5.4"]
[WhiteElo "1221"]
[BlackElo "1139"]
[WhiteTeam "BSG Grün-Weiß Leipzig"]
[BlackTeam "Lübecker SV von 1873"]
[PlyCount "101"]
[WhiteFideId "16255917"]
[BlackFideId "16220420"]
[EventCountry "GER"]
[EventRounds "7"]
[EventType "team-swiss"]
[EventDate "2015.12.26"]

1. e4 e5 2. Nf3 Nc6 3. d4 exd4 4. Nxd4 Bc5 5. Be3 Qf6 6. c3 Nxd4 7. Bxd4 Bxd4
8. Qxd4 Qxd4 9. cxd4 Nf6 10. Nc3 O-O 11. Bd3 d6 12. O-O c6 13. Rfe1 d5 14. exd5
cxd5 15. Bc2 g6 16. Bb3 Be6 17. Nb5 Rfc8 18. Nd6 Rc7 19. Rac1 Rd7 20. Nb5 a6
21. Nc7 Rc8 22. Nxe6 Rxc1 23. Rxc1 fxe6 24. g3 h5 25. f3 g5 26. Kf1 g4 27. fxg4
Nxg4 28. Kg1 Kf7 29. h3 Ne3 30. Kf2 Nf5 31. Rd1 Kg6 32. Bc2 Kg5 33. Kf3 Rc7 34.
Bb3 b5 35. a4 bxa4 36. Bxa4 Rc4 37. h4+ Kf6 38. b3 Rxd4 39. Rxd4 Nxd4+ 40. Kf2
e5 41. b4 Nf5 42. b5 axb5 43. Bxb5 Ng7 44. Bc6 d4 45. Be4 Nf5 46. Kf3 Nd6 47.
Bd3 Nf5 48. Be4 Ng7 49. Kf2 Ke6 50. Kf3 Kd6 51. Ke2 1/2-1/2

[Event "DVM U12 2015"]
[Site "Magdeburg GER"]
[Date "2015.12.29"]
[Round "5"]
[White "Hüls, Maximilian"]
[Black "Brunner, Sophia"]
[Result "1/2-1/2"]
[Termination "normal"]
[Board "7.1"]
[WhiteElo "1671"]
[BlackElo "1585"]
[WhiteTeam "SV Mattnetz Berlin"]
[BlackTeam "Hagener SV"]
[PlyCount "88"]
[WhiteFideId "12949698"]
[BlackFideId "12960683"]
[EventCountry "GER"]
[EventRounds "7"]
[EventType "team-swiss"]
[EventDate "2015.12.26"]

1. e4 d5 2. exd5 Qxd5 3. Nc3 Qa5 4. Bc4 Nf6 5. d3 c6 6. Bd2 Qc7 7. Qe2 Nbd7 8.
h3 Nb6 9. Bb3 Bf5 10. Nf3 e6 11. Nd4 Bg6 12. O-O-O O-O-O 13. Nf3 Bb4 14. a3
Bxc3 15. Bxc3 Nbd5 16. Be5 Qe7 17. g4 h6 18. Bg3 Nd7 19. Ne5 Nxe5 20. Bxe5 f6
21. Bg3 Rhe8 22. Rhe1 Qf8 23. f4 Rd7 24. Qf2 b6 25. Bh2 Kb7 26. Re2 f5 27. Rde1
Rde7 28. Bxd5 exd5 29. Rxe7+ Rxe7 30. Qh4 Rxe1+ 31. Qxe1 fxg4 32. hxg4 Qf6 33.
Qg3 Qd6 34. f5 Qxg3 35. Bxg3 Bf7 36. Be5 g6 37. f6 Kc8 38. Kd2 Kd7 39. Ke3 Ke6
40. d4 h5 41. gxh5 gxh5 42. Kf4 Bg6 43. c3 b5 44. b4 a6 1/2-1/2

[Event "DVM U12 2015"]
[Site "Magdeburg GER"]
[Date "2015.12.29"]
[Round "5"]
[White "Scheidt, Mike Niklas"]
[Black "Bui, Bao Anh Le"]
[Result "0-1"]
[Termination "normal"]
[Board "7.2"]
[WhiteElo "1393"]
[BlackElo "1675"]
[WhiteTeam "Hagener SV"]
[BlackTeam "SV Mattnetz Berlin"]
[PlyCount "46"]
[WhiteFideId "12965235"]
[BlackFideId "12970719"]
[EventCountry "GER"]
[EventRounds "7"]
[EventType "team-swiss"]
[EventDate "2015.12.26"]

1. d4 d5 2. Bf4 e6 3. Nc3 Nf6 4. f3 Bd6 5. Bg5 Be7 6. Qd2 Nbd7 7. O-O-O O-O 8.
g4 c6 9. h4 e5 10. dxe5 Nxe5 11. h5 Nc4 12. Qd3 Qb6 13. b3 Ba3+ 14. Kb1 Nb2 15.
Qd2 Nxd1 16. Nxd1 Qb4 17. c3 Qd6 18. Ne3 Qe5 19. f4 Ne4 20. Qc2 Nxc3+ 21. Ka1
Qxe3 22. Bh3 Qe4 23. Qxe4 Nxe4 0-1

[Event "DVM U12 2015"]
[Site "Magdeburg GER"]
[Date "2015.12.29"]
[Round "5"]
[White "Stockter, Jasper Enno"]
[Black "Schmidt, Paul"]
[Result "1-0"]
[Termination "normal"]
[Board "7.3"]
[WhiteElo "1479"]
[BlackElo "1504"]
[WhiteTeam "SV Mattnetz Berlin"]
[BlackTeam "Hagener SV"]
[PlyCount "49"]
[WhiteFideId "12957291"]
[BlackFideId "16214137"]
[EventCountry "GER"]
[EventRounds "7"]
[EventType "team-swiss"]
[EventDate "2015.12.26"]

1. e4 d5 2. exd5 Qxd5 3. Nc3 Qa5 4. d4 Nf6 5. Bc4 Nc6 6. Nge2 Bf5 7. O-O Qb4 8.
Bb3 e6 9. a3 Qd6 10. Nb5 Qd7 11. Bf4 Bd6 12. Nxd6+ cxd6 13. Ng3 Bg6 14. Re1 O-O
15. c3 d5 16. Bc2 Ne7 17. Be5 Ne8 18. Qd2 Bxc2 19. Qxc2 Ng6 20. Qd2 Nxe5 21.
Rxe5 Qe7 22. Rae1 Nc7 23. Rg5 Qd7 24. Nh5 Rad8 25. Nf6+ 1-0

[Event "DVM U12 2015"]
[Site "Magdeburg GER"]
[Date "2015.12.29"]
[Round "5"]
[White "Schmidt, Ben"]
[Black "Schauties, Nico Antonio"]
[Result "0-1"]
[Termination "normal"]
[Board "7.4"]
[WhiteElo "1182"]
[BlackElo "1593"]
[WhiteTeam "Hagener SV"]
[BlackTeam "SV Mattnetz Berlin"]
[PlyCount "60"]
[WhiteFideId "16214129"]
[BlackFideId "16206371"]
[EventCountry "GER"]
[EventRounds "7"]
[EventType "team-swiss"]
[EventDate "2015.12.26"]

1. d4 e6 2. Bf4 d5 3. Nc3 Nf6 4. Nb5 Bd6 5. Nxd6+ cxd6 6. e3 Nc6 7. Bb5 Bd7 8.
Bxd6 Qa5+ 9. Qd2 Qxb5 10. Bc5 Ne4 11. a4 Qxb2 12. Qd1 Qc3+ 13. Kf1 Nd2+ 14. Ke2
Ne4 15. Kf1 b6 16. Ba3 Rc8 17. Ne2 Qc4 18. Bb2 Nb4 19. c3 Nd3 20. Qc2 Ndxf2 21.
Rg1 Ng4 22. Ke1 Nxe3 23. Qc1 Qd3 24. Nf4 Nc2+ 25. Qxc2 Qxc2 26. Bc1 Qf2+ 27.
Kd1 Qxg1+ 28. Kc2 Rxc3+ 29. Kb2 Qf2+ 30. Kb1 Qc2# 0-1

[Event "DVM U12 2015"]
[Site "Magdeburg GER"]
[Date "2015.12.29"]
[Round "5"]
[White "Burghoff, Elias"]
[Black "Triantafillidis, Simeon"]
[Result "0-1"]
[Termination "normal"]
[Board "8.1"]
[WhiteElo "1323"]
[BlackElo "1595"]
[WhiteTeam "TSG Apolda"]
[BlackTeam "SF HN-Biberach 1978"]
[PlyCount "68"]
[BlackFideId "12953113"]
[EventCountry "GER"]
[EventRounds "7"]
[EventType "team-swiss"]
[EventDate "2015.12.26"]

1. e4 e5 2. Nf3 Nc6 3. Bc4 Nf6 4. d3 Bc5 5. c3 a6 6. Nbd2 b5 7. Bb3 d6 8. Nf1
O-O 9. Ng3 h6 10. Be3 Ba7 11. Qd2 Be6 12. h3 Re8 13. Bxh6 gxh6 14. Qxh6 Bxb3
15. axb3 Re6 16. Ng5 Bxf2+ 17. Ke2 Bxg3 18. Nxe6 fxe6 19. Qg5+ Kf7 20. Qxg3 Qh8
21. Rhf1 Rg8 22. Qf3 a5 23. g4 Ke7 24. Rh1 Rf8 25. Qg2 Qg7 26. Rag1 Nd8 27. h4
Rg8 28. Kf3 Rf8 29. Ke3 Nf7 30. h5 Rg8 31. Kf3 Qg5 32. Qh2 Nh6 33. Rg2 Nhxg4
34. Qg3 Qe3# 0-1

[Event "DVM U12 2015"]
[Site "Magdeburg GER"]
[Date "2015.12.29"]
[Round "5"]
[White "Gerold, Robin"]
[Black "Henzgen, Nick"]
[Result "1-0"]
[Termination "normal"]
[Board "8.2"]
[WhiteElo "1090"]
[BlackElo "1523"]
[WhiteTeam "SF HN-Biberach 1978"]
[BlackTeam "TSG Apolda"]
[PlyCount "117"]
[WhiteFideId "16235185"]
[BlackFideId "16212347"]
[EventCountry "GER"]
[EventRounds "7"]
[EventType "team-swiss"]
[EventDate "2015.12.26"]

1. e4 e5 2. Nf3 Nc6 3. Bc4 Bc5 4. d3 Nf6 5. Nc3 d6 6. Be3 Bb6 7. h3 Be6 8. Bb3
Qd7 9. Qd2 O-O-O 10. O-O-O d5 11. Bxb6 axb6 12. exd5 Nxd5 13. Nxd5 Bxd5 14.
Bxd5 Qxd5 15. b3 Qc5 16. Kb2 Kb8 17. Rhe1 f6 18. Qe3 Qa5 19. a4 b5 20. Ra1 Nd4
21. Nxd4 exd4 22. Qc1 Qc3+ 23. Kb1 Rhe8 24. Rd1 bxa4 25. Rxa4 b5 26. Ra1 Re2
27. Ra2 Rde8 28. Qa3 Kc8 29. Qa6+ Kd8 30. Qxb5 Ke7 31. Qc4 Re1 32. Rxe1+ Qxe1+
33. Kb2 Qxf2 34. Qxc7+ Ke6 35. Qc6+ Kf7 36. Qd5+ Kg6 37. Ra7 Rc8 38. Rxg7+ Kxg7
39. Qd7+ Kh6 40. Qxc8 Qxg2 41. Qf8+ Kh5 42. Qf7+ Kh4 43. Qxf6+ Qg5 44. Qxd4+
Kxh3 45. Qd7+ Qg4 46. Qxh7+ Kg3 47. Qc7+ Kh4 48. Qc4 Qxc4 49. bxc4 Kg5 50. Kc3
Kf6 51. d4 Ke6 52. Kb4 Kd7 53. Kc5 Kc7 54. c3 Kd8 55. Kc6 Kc8 56. d5 Kd8 57. d6
Kc8 58. c5 Kd8 59. d7 1-0

[Event "DVM U12 2015"]
[Site "Magdeburg GER"]
[Date "2015.12.29"]
[Round "5"]
[White "Liebeskind, Pascal"]
[Black "Melzig, Antonio"]
[Result "0-1"]
[Termination "normal"]
[Board "8.3"]
[WhiteElo "1654"]
[BlackElo "1215"]
[WhiteTeam "TSG Apolda"]
[BlackTeam "SF HN-Biberach 1978"]
[PlyCount "32"]
[WhiteFideId "16212380"]
[BlackFideId "16252764"]
[EventCountry "GER"]
[EventRounds "7"]
[EventType "team-swiss"]
[EventDate "2015.12.26"]

1. d4 d5 2. Nf3 Nf6 3. Bf4 Bf5 4. e3 e6 5. Be2 Bd6 6. Bg3 Nc6 7. Nbd2 O-O 8.
Ne5 Bxe5 9. dxe5 Nd7 10. Nf3 Be4 11. Bd3 Bxf3 12. Qxf3 g6 13. Bb5 Ndxe5 14. Qf4
f6 15. O-O-O a6 16. Ba4 g5 0-1

[Event "DVM U12 2015"]
[Site "Magdeburg GER"]
[Date "2015.12.29"]
[Round "5"]
[White "Dittmar, Elia"]
[Black "Kroh, Christian"]
[Result "0-1"]
[Termination "normal"]
[Board "8.4"]
[WhiteElo "1018"]
[BlackElo "1438"]
[WhiteTeam "SF HN-Biberach 1978"]
[BlackTeam "TSG Apolda"]
[PlyCount "86"]
[WhiteFideId "16269098"]
[BlackFideId "12995606"]
[EventCountry "GER"]
[EventRounds "7"]
[EventType "team-swiss"]
[EventDate "2015.12.26"]

1. c4 e5 2. Nc3 Nf6 3. g3 Bc5 4. Bg2 Nc6 5. Nf3 O-O 6. O-O d6 7. e3 Be6 8. b3
Bg4 9. h3 Bh5 10. d3 a6 11. a4 Re8 12. Qc2 Bg6 13. e4 Nd4 14. Nxd4 Bxd4 15. Be3
Ba7 16. b4 Nd7 17. b5 Bc5 18. Qd2 Nf6 19. Qc2 Nd7 20. Rfd1 Qf6 21. Ne2 c6 22.
d4 exd4 23. Nxd4 axb5 24. f3 bxa4 25. Rxa4 d5 26. Qd2 Rxa4 27. Bg5 Qxd4+ 28.
Qxd4 Bxd4+ 29. Rxd4 Ra1+ 30. Kh2 Nb6 31. cxd5 cxd5 32. exd5 f6 33. Bf4 Ra2 34.
d6 Rd8 35. Kh1 Bf7 36. h4 Be6 37. Re4 Kf7 38. Rb4 Nc8 39. Rxb7+ Rd7 40. Rb6
Ra1+ 41. Kh2 Nxb6 42. g4 Nc8 43. Kg3 Nxd6 0-1

[Event "DVM U12 2015"]
[Site "Magdeburg GER"]
[Date "2015.12.29"]
[Round "5"]
[White "Schubert, Christoph"]
[Black "Liebold, Aaron"]
[Result "0-1"]
[Termination "normal"]
[Board "9.1"]
[WhiteElo "1447"]
[BlackElo "1666"]
[WhiteTeam "USV TU Dresden"]
[BlackTeam "ESV Gera"]
[PlyCount "128"]
[BlackFideId "12997846"]
[EventCountry "GER"]
[EventRounds "7"]
[EventType "team-swiss"]
[EventDate "2015.12.26"]

1. e4 c5 2. Nf3 d6 3. d4 cxd4 4. Nxd4 Nc6 5. Nc3 Nf6 6. Be3 e6 7. Be2 a6 8. Qd2
Qc7 9. O-O-O Be7 10. f4 b5 11. Bf3 Bb7 12. g4 Na5 13. g5 Nc4 14. Qd3 Nd7 15.
Nb1 Nc5 16. Qc3 Na4 17. Qb3 Bxe4 18. Bxe4 Nc5 19. Bc6+ Qxc6 20. Qxc4 Qxh1 21.
Qxb5+ axb5 22. Rxh1 O-O 23. Nxb5 Rfc8 24. N1c3 Na4 25. Nxa4 Rxa4 26. a3 Rac4
27. Nc3 d5 28. Rd1 Bxa3 29. bxa3 Rxc3 30. Bd4 Rxc2+ 31. Kb1 R2c4 32. Rd3 Rb8+
33. Bb2 Rxf4 34. Ka2 Rf2 35. Rb3 Rxb3 36. Kxb3 Rxb2+ 37. Kxb2 Kf8 38. Kc3 Ke8
39. Kd4 Kd7 40. Kc5 Kc7 41. h3 Kb7 42. h4 Ka6 43. Kb4 d4 44. Kc4 e5 45. a4 Ka5
46. Kd3 Kxa4 47. Kc4 g6 48. Kd3 Kb4 49. Kd2 Kc4 50. Kc2 d3+ 51. Kd1 Kc3 52. Kc1
e4 53. Kd1 d2 54. Ke2 Kc2 55. Ke3 d1=Q 56. Kxe4 Qd3+ 57. Kf4 Qe2 58. Kg3 Qf1
59. Kg4 Qf5+ 60. Kg3 Kd3 61. h5 Ke3 62. hxg6 Qf3+ 63. Kh4 Kf4 64. gxh7 Qg4# 0-1

[Event "DVM U12 2015"]
[Site "Magdeburg GER"]
[Date "2015.12.29"]
[Round "5"]
[White "Schubert, Nikita"]
[Black "Wehner, Tobias"]
[Result "1-0"]
[Termination "normal"]
[Board "9.2"]
[WhiteElo "1652"]
[BlackElo "1296"]
[WhiteTeam "ESV Gera"]
[BlackTeam "USV TU Dresden"]
[PlyCount "115"]
[WhiteFideId "16212339"]
[BlackFideId "16224000"]
[EventCountry "GER"]
[EventRounds "7"]
[EventType "team-swiss"]
[EventDate "2015.12.26"]

1. d4 d5 2. Nf3 Nc6 3. e3 e6 4. b3 Nf6 5. Bb2 Bd6 6. a3 Bd7 7. Bd3 Qe7 8. Ne5
a6 9. Nd2 g6 10. O-O Qd8 11. f4 Bf8 12. c4 b6 13. b4 a5 14. b5 Na7 15. a4 c6
16. bxc6 Nxc6 17. Nxc6 Bxc6 18. Ba3 Bxa3 19. Rxa3 Qe7 20. Qb3 Qb4 21. Ra2 Qxb3
22. Nxb3 O-O 23. Nd2 Ng4 24. Re1 Rab8 25. h3 Nf6 26. Rb1 Nd7 27. cxd5 Bxd5 28.
Rab2 Bc6 29. Bc2 Rb7 30. Be4 Bxe4 31. Nxe4 Rfb8 32. Nd2 Kf8 33. Nb3 Ra7 34. Nc5
Nxc5 35. dxc5 Rab7 36. Rxb6 Rxb6 37. Rxb6 Rc8 38. Rb5 Ke8 39. Rxa5 Kd7 40. Kf2
Kc6 41. Ke2 Rd8 42. Kf3 h5 43. g4 h4 44. g5 Rd3 45. Ra7 Rd1 46. Kg4 Rd3 47.
Rxf7 Rxe3 48. Rf6 Kxc5 49. Rxg6 Re4 50. Rf6 Kb4 51. g6 e5 52. g7 Re1 53. Kf5
Rg1 54. Rg6 e4 55. Rxg1 Kc3 56. Kxe4 Kd2 57. g8=Q Ke2 58. Qg2# 1-0

[Event "DVM U12 2015"]
[Site "Magdeburg GER"]
[Date "2015.12.29"]
[Round "5"]
[White "Thamm, Marti Jann"]
[Black "Schulter, Moritz"]
[Result "1/2-1/2"]
[Termination "normal"]
[Board "9.3"]
[WhiteElo "1055"]
[BlackElo "1220"]
[WhiteTeam "USV TU Dresden"]
[BlackTeam "ESV Gera"]
[PlyCount "41"]
[BlackFideId "16245067"]
[EventCountry "GER"]
[EventRounds "7"]
[EventType "team-swiss"]
[EventDate "2015.12.26"]

1. e4 e5 2. Nf3 Nc6 3. Bb5 Nge7 4. Nc3 a6 5. Bc4 h6 6. d4 exd4 7. Nxd4 Ne5 8.
Bb3 b5 9. Qh5 d6 10. a3 g6 11. Qe2 Bg7 12. Nd5 c6 13. Nxe7 Qxe7 14. Bf4 Bb7 15.
Bxe5 Bxe5 16. c3 O-O 17. Qe3 Rae8 18. f3 Bxd4 19. cxd4 d5 20. e5 Kg7 21. O-O
1/2-1/2

[Event "DVM U12 2015"]
[Site "Magdeburg GER"]
[Date "2015.12.29"]
[Round "5"]
[White "Helmsdorf, Marius"]
[Black "Petzold, Maik"]
[Result "1-0"]
[Termination "normal"]
[Board "9.4"]
[WhiteElo "1220"]
[BlackElo "820"]
[WhiteTeam "ESV Gera"]
[BlackTeam "USV TU Dresden"]
[PlyCount "45"]
[WhiteFideId "16274873"]
[BlackFideId "12975087"]
[EventCountry "GER"]
[EventRounds "7"]
[EventType "team-swiss"]
[EventDate "2015.12.26"]

1. d4 d5 2. c4 Nf6 3. Nc3 Bf5 4. Bg5 Nbd7 5. e3 c5 6. cxd5 cxd4 7. Qxd4 e5 8.
dxe6 Bxe6 9. Bb5 Be7 10. Nf3 O-O 11. O-O Qc7 12. Rfd1 Ng4 13. Bxe7 Rfe8 14. Bb4
Rad8 15. Rac1 Qb8 16. Bc4 Nb6 17. Bd6 Qc8 18. Bxe6 Rxe6 19. Qxg4 Rexd6 20. Qxc8
Nxc8 21. Rxd6 Rxd6 22. Nd5 Rd8 23. Rxc8 1-0

[Event "DVM U12 2015"]
[Site "Magdeburg GER"]
[Date "2015.12.29"]
[Round "5"]
[White "Voß, Torben"]
[Black "Leonard, Timo"]
[Result "0-1"]
[Termination "normal"]
[Board "10.1"]
[WhiteElo "1131"]
[BlackElo "1880"]
[WhiteTeam "Schachzwerge Magdeburg"]
[BlackTeam "TuS Ende 1892"]
[PlyCount "44"]
[BlackFideId "16208757"]
[EventCountry "GER"]
[EventRounds "7"]
[EventType "team-swiss"]
[EventDate "2015.12.26"]

1. e4 e6 2. d4 d5 3. e5 c5 4. c3 Bd7 5. Nf3 Nc6 6. Be3 cxd4 7. cxd4 Qb6 8. b3
Nge7 9. Bd3 Rc8 10. O-O Nb4 11. Qd2 Nxd3 12. Qxd3 Bb5 13. Qd1 Bxf1 14. Qxf1 Nc6
15. Nc3 Be7 16. Rc1 O-O 17. Qd3 Nb4 18. Qb1 Rc6 19. Bg5 Qc7 20. Bxe7 Qxe7 21.
a3 Na6 22. b4 Rfc8 0-1

[Event "DVM U12 2015"]
[Site "Magdeburg GER"]
[Date "2015.12.29"]
[Round "5"]
[White "Blinov, Sergei"]
[Black "Unger, Matti"]
[Result "1/2-1/2"]
[Termination "normal"]
[Board "10.2"]
[WhiteElo "1214"]
[BlackElo "847"]
[WhiteTeam "TuS Ende 1892"]
[BlackTeam "Schachzwerge Magdeburg"]
[PlyCount "112"]
[EventCountry "GER"]
[EventRounds "7"]
[EventType "team-swiss"]
[EventDate "2015.12.26"]

1. e4 e5 2. Nf3 Nc6 3. Bb5 Nf6 4. Bxc6 dxc6 5. O-O Bg4 6. d3 Bc5 7. Bg5 h6 8.
Bh4 g5 9. Bg3 h5 10. h3 h4 11. Bxe5 Bxf3 12. Qxf3 Be7 13. Nc3 Rg8 14. Bxf6 Bxf6
15. Rfe1 Bxc3 16. bxc3 Qd6 17. e5 Qe6 18. Qg4 Qxg4 19. hxg4 Rh8 20. Kh2 Ke7 21.
d4 Ke6 22. c4 Rad8 23. Rad1 b5 24. cxb5 cxb5 25. c3 a6 26. Re3 c5 27. Rf3 cxd4
28. cxd4 a5 29. Rf6+ Ke7 30. Ra6 Ra8 31. Rf6 Rac8 32. Rd2 Rhg8 33. d5 Rg6 34.
Rxg6 fxg6 35. f3 b4 36. Kg1 a4 37. Kf2 b3 38. a3 Rc2 39. Ke3 b2 40. Rd1 Rc1 41.
d6+ Kd8 42. Rd2 b1=Q 43. e6 Rd1 44. e7+ Kd7 45. Rxd1 Qxd1 46. Kf2 Qxd6 47.
e8=Q+ Kxe8 48. Kg1 Qxa3 49. f4 gxf4 50. g3 hxg3 51. Kg2 g5 52. Kh3 Ke7 53. Kg2
Ke6 54. Kh3 Ke5 55. Kg2 Ke4 56. Kh3 Kf3 1/2-1/2